Регионална библиотека "Любен Каравелов" - Русе

Библията в истории за най-малките (Запис номер 31918)

MARC детайли
000 -Лидер
Контролно поле с фиксирана дължина 01687nam a2200397 c 4500
003 - Код на организацията, давaща контролен номер
Контролно поле BLK
005 - Дата и час на последна редакция
Контролно поле 20250125134837.0
008 - Елементи от данни с фиксирана дължина
fixed length control field 180407b bul|||||r ||||||| ||bul||
010 ## - Наследен системен номер
LC control number KNG00034584000
020 ## - Международен стандартен номер на книга ISBN
Международен стандартен номер на книга ISBN 978-954-26-0852-3
-- издат.: Хермес
040 ## - Източник на каталожния запис
Идентификатор на билиотеката - собственик на записа BLK
041 ## - Код за език
Код за езика на текст/звукозапис или на отделно заглавие Български
Код за езика КДБФ Български
072 #7 - Код за тематичната категория
Код организация bullib
Код за тематична категория Н86
Текст Детска отраслова литература Н
080 ## - УДК
Текстов определител УДК Свещено писание. Библия. Стар и Нов завет
УДК код - определител по УДК 22
УДК определител (02.053.2)
УДК - код + определител 22(02.053.2)
080 ## - УДК
Текстов определител УДК Италианска литература
УДК код - определител по УДК 821.131.1
УДК определител -93-97
УДК - код + определител 821.131.1-93-97
139 ## - Редно поле
Редна дума Библията в истории за най-малките
Авторски знак Би - Б 44
245 10 - Сведения за заглавието
Заглавие Библията в истории за най-малките
Редно поле (дума) прев. на итал. Наталия Василева Христова; ил. Лорела Фламини.
257 ## - Страна на издаване
Страна на създаване/издаване Италия
260 ## - Област на издателските данни
-- Пловдив
Име на издателя, разпространителя и проч. Хермес
Година на издаване 2010
Печатница Отпеч. в Китай
300 ## - Физическа характеристика
Страници 96 с.
Илюстрации и др. с цв. ил.
Размери/Мащаб 22 см
380 ## - Жанр
Жанр Детска отраслова лит.
490 1# - СЕРИИ (Колекции)
Име на серия Чуден свят
500 ## - Общи забележки
Забележка Без сведение за ориг. загл. - Адапт. изд.
653 ## - Ключова дума – ненормативна
Ключова дума Библия
653 ## - Ключова дума – ненормативна
Ключова дума литература за деца
653 ## - Ключова дума – ненормативна
Ключова дума детска литература
659 ## - Тематичен бюлетин
Тематичен бюлетин Н
700 1# - Други автори (авторска отговорност)
Лично име Христова, Наталия Василева
9 (RLIN) 367224
700 1# - Други автори (авторска отговорност)
Лично име Фламини, Лорела
Автороска отговорност (Описва отношението между автора и произведението) ил.
9 (RLIN) 271901
852 ## - Местоположение
Форматна сигнатура Цб 251586
856 4# - Електронен адрес и достъп
Електронен формат pdf - файл
Път до файла /url/
856 4# - Електронен адрес и достъп
Електронен формат pdf - файл
Път до файла /url/
942 ## - АРТИКУЛИ
Вид на библиотечния материал Книги
Скрит в OPAC Не
Koha issues (borrowed), all copies 10
944 ## - СЪЗДАВАНЕ И РЕДАКЦИЯ на ЗАПИСА
Създаване/Редакция Създаване
Дата на регистрацията/редакция 03.05.2011
Статус, дата на статуса Радостина Карадакова
Служител, извършил регистрацията/редакцията 30534
944 ## - СЪЗДАВАНЕ И РЕДАКЦИЯ на ЗАПИСА
Създаване/Редакция Редакция
Дата на регистрацията/редакция 24.03.2017
Статус, дата на статуса ф /
Служител, извършил регистрацията/редакцията Людмила_Стоянова
999 ## - СИСТЕМНИ КОНТРОЛНИ НОМЕРА
Koha biblionumber 31918
Koha biblioitemnumber 31918
Наличности
Код за отписване Код за изгубен артикул Код за повреда Коз за рестрикции Код за отдаване Артикулен № Име на библиотеката - собственик Име на библиотеката, в която се намира в момента Статус (Текущо местоположение) Дата на вписване в системата Местоположение - отдел Цена в лева Инвентарен номер Систематично азбучна сигнатура Баркод Номер на екземпляра Цена в евро Служебна бележка Служебен тип на артикула Източник на класификационната схема
  Не е изгубен Не е повреден без рестрикции ползва се в читалня 50816 Регионална библиотека "Любен Каравелов" Русе Регионална библиотека "Любен Каравелов" Русе Хранилище 2011-05-03 Хранилище 7.99 120000750575 Цб 251586 120000750575 1 4.09 Дост: Dp Вид: Д N: 29 Дата: 21.07.2010 Книги  
  Не е изгубен Не е повреден без рестрикции заемане за дома 50817 Регионална библиотека "Любен Каравелов" Русе Регионална библиотека "Любен Каравелов" Русе Детски отдел 2011-12-13 Детски отдел 7.99 120000754987 ДН 2/Б 44 120000754987 2 4.09 Дост: DA Вид: А N: 23 Дата: 13.12.2011 Дата инв: 26.08.2015 Бележки инв: Д2015 Книги  
  Не е изгубен Не е повреден без рестрикции заемане за дома 50818 Регионална библиотека "Любен Каравелов" Русе Регионална библиотека "Любен Каравелов" Русе Детски отдел 2011-12-13 Детски отдел 7.99 120000754988 ДН 2/Б 44 120000754988 3 4.09 Дост: DA Вид: А N: 23 Дата: 13.12.2011 Дата инв: 26.08.2015 Бележки инв: Д2015 Книги  
Изтеглен Не е изгубен Не е повреден без рестрикции заемане за дома 50819 Регионална библиотека "Любен Каравелов" Русе Регионална библиотека "Любен Каравелов" Русе Детски отдел 2017-03-22 Детски отдел 7.99 120000809368 ДН 2/Б 44 120000809368 4 4.09 Дост: DA Вид: А N: 11 Дата: 22.03.2017 Книги Universal Decimal Classification
Vip Innovations Ltd, Rousse, Bulgaria 2025